Co było luksusem i produktem premium w PRL - Statystyki

Ogólne statystyki
  • Ten quiz został rozwiązany 9 razy
  • Średni wynik to 2 z 6
Statystyki odpowiedzi
Hint Odpowiedź % Poprawnych
1. Słodycze
75%
3. Alkohol
38%
2. Ubrania
25%
4. Kosmetyki
13%
5. Zabawki
13%
6. Sprzęt AGD RTV
0%
Nie znaleziono quizów pasujących do podanych kryteriów
Rozkład punktacji
Procent ludzi z każdym wynikiem
Percentyl według liczby udzielonych odpowiedzi
Twoja historia wyników
Nie rozwiązałeś tego quizu